000
00302nam a2200121 u 4500
001
000004039
005
20200929150657.0
008
090716s1952 mx r 000 0 spa d
040
_a
DO-SdBNP
_b
spa
_c
BNPHU
245
1
0
_a
El peligro de la libertad intelectual.
260
_a
México,
_c
1952.
049
_a
BNPD
999
_c
3858
_d
3858